000 00798nam a2200217Ia 4500
999 _c40225
_d40225
001 6832
003 GE_BSU
005 20231124120137.0
008 181216s1965||||ge |||||||||||||| ||geo||
040 _cGE_BSU
041 _ageo
080 _a821.353.1-32 გ-62
100 _aგოთუა, ლევან
_920468
245 _aლეკვი ლომისა :
_bრომანი /
_cლევან გოთუა ; რედ. ა. ადამია.
264 _aთბილისი :
_bლიტერატურა და ხელოვნება,
_c1965.
300 _a230 გვ. ;
_c20 სმ.
653 _aლეკვი ლომისა
653 _aრომანი.
700 _aადამია, ა.
_eრედაქტორი
_94246
942 _cBK
_2udc